| 000 | 01333nam a2200325Ia 4500 | ||
|---|---|---|---|
| 003 | OSt | ||
| 005 | 20221007125123.0 | ||
| 006 | a|||||r|||| 00| 0 | ||
| 007 | ta | ||
| 008 | 221006b |||||||| |||| 00| 0 eng d | ||
| 020 |
_a0201408422 (pbk) _c _ 34.95 |
||
| 024 | _a4258 | ||
| 037 |
_bNarosa, _cTextual |
||
| 040 |
_aCDL _cCDL _beng |
||
| 041 |
_2eng _aeng |
||
| 082 | _aC6:21, M9 | ||
| 100 |
_ade Gennes P G _9721565 |
||
| 245 | 0 |
_aSuperconductivity of metals and alloys by P G de Gennes Tr by P A Pincus _b Gennes P G de Pincus P A Tr |
|
| 260 |
_aReading, _bMassachusetts Addison-Wesley Publishing Company _c1989 |
||
| 300 |
_axxii,274p _ccm. |
||
| 490 | _aAdvanced book classics | ||
| 500 | _aOriginally published in 1966 as part of the Frontiers in physics series by W A Benjamin; Includes bibliographical references; Index 273-274p; ^n23/CSL/Carc/96-97/3415^d1996-12-31^mPurchase; ; 96-97/325^b1997-01-09^c043923^d1996-12-31^eNarosa Book Distributors Private Limited; ; 1997-01-27^bSB^c1997-02-17^r1997-03-15 | ||
| 650 | _a Conduction | ||
| 650 |
_a Electricity _9264331 |
||
| 650 | _aPhysics | ||
| 700 |
_a Gennes P G de _9619060 |
||
| 700 |
_a Pincus P A Tr _9721566 |
||
| 942 |
_hC6:21, M9 _cTEXL _2CC |
||
| 999 |
_c1214710 _d1214710 |
||